[Event "Cologne Longerich op-B 12th"]
[Site "Cologne"]
[Date "2015.08.02"]
[Round "5"]
[White "Kissmer, Werner"]
[Black "Ipekyilmaz, Mert"]
[Result "1/2-1/2"]
[WhiteElo "1159"]
[BlackElo "1205"]
[PlyCount "46"]
[EventDate "2015.07.31"]
[EventType "tourn"]
[EventRounds "5"]
[EventCountry "GER"]
[SourceTitle "EXT 2017"]
[Source "ChessBase"]
[SourceDate "2016.10.25"]
[SourceVersion "1"]
[SourceVersionDate "2016.10.25"]
[SourceQuality "1"]

1. Nf3 d5 2. d4 Nf6 3. e3 e6 4. a3 c5 5. Bb5+ Bd7 6. Bxd7+ Nbxd7 7. 0-0 Qc7 8. Nc3 Be7 9. h3 0-0 10. Rb1 cxd4 11. Nxd4 a6 12. Bd2 Nc5 13. f4 Nce4 14. Nxe4 Nxe4 15. Be1 Rac8 16. c3 Bd6 17. g3 Qe7 18. Rf3 Bc5 19. Nb3 Qf6 20. Nxc5 Nxc5 21. g4 Rfd8 22. Qd4 Qxd4 23. exd4 Ne4 1/2-1/2

[Event "Cologne Longerich op-B 12th"]
[Site "Cologne"]
[Date "2015.08.02"]
[Round "4"]
[White "Yu, Moyi"]
[Black "Kissmer, Werner"]
[Result "0-1"]
[WhiteElo "1015"]
[BlackElo "1159"]
[PlyCount "52"]
[EventDate "2015.07.31"]
[EventType "tourn"]
[EventRounds "5"]
[EventCountry "GER"]
[SourceTitle "EXT 2017"]
[Source "ChessBase"]
[SourceDate "2016.10.25"]
[SourceVersion "1"]
[SourceVersionDate "2016.10.25"]
[SourceQuality "1"]

1. d4 Nf6 2. c4 g6 3. Nc3 Bg7 4. Bg5 0-0 5. Bxf6 Bxf6 6. e3 d6 7. Be2 c6 8. Nf3 Bg4 9. 0-0 Bxf3 10. Bxf3 Nd7 11. Qd3 Rb8 12. a4 e5 13. d5 Nc5 14. Qc2 Qc7 15. Ne4 Nxe4 16. Bxe4 c5 17. f4 exf4 18. Rxf4 Be5 19. Rh4 f5 20. Bd3 Rf6 21. Re1 Rbf8 22. Rf1 Qf7 23. Rf3 h5 24. e4 fxe4 25. Rxf6 Qxf6 26. Rxe4 Bd4+ 0-1

[Event "Cologne Longerich op-B 12th"]
[Site "Cologne"]
[Date "2015.08.01"]
[Round "2"]
[White "Hingst, Dieter Max Otto"]
[Black "Kissmer, Werner"]
[Result "1/2-1/2"]
[WhiteElo "896"]
[BlackElo "1159"]
[PlyCount "46"]
[EventDate "2015.07.31"]
[EventType "tourn"]
[EventRounds "5"]
[EventCountry "GER"]
[SourceTitle "EXT 2017"]
[Source "ChessBase"]
[SourceDate "2016.10.25"]
[SourceVersion "1"]
[SourceVersionDate "2016.10.25"]
[SourceQuality "1"]

1. e4 c5 2. c4 Nc6 3. Nf3 d6 4. d4 cxd4 5. Nxd4 Nf6 6. Nxc6 bxc6 7. e5 Qa5+ 8. Bd2 Qxe5+ 9. Be2 Ne4 10. f3 Nc5 11. Bc3 Qe3 12. Qd2 Qe6 13. b4 Na4 14. Qc2 Nb6 15. Na3 a6 16. Qe4 Qxe4 17. fxe4 e5 18. c5 dxc5 19. Bxe5 cxb4 20. Nc2 f6 21. Bd4 c5 22. Bf2 Bd6 23. 0-0-0 0-0 1/2-1/2

[Event "Cologne Longerich op-B 12th"]
[Site "Cologne"]
[Date "2015.08.01"]
[Round "3"]
[White "Kissmer, Werner"]
[Black "Ipekyilmaz, Tayfun"]
[Result "0-1"]
[WhiteElo "1159"]
[BlackElo "1692"]
[PlyCount "38"]
[EventDate "2015.07.31"]
[EventType "tourn"]
[EventRounds "5"]
[EventCountry "GER"]
[SourceTitle "EXT 2017"]
[Source "ChessBase"]
[SourceDate "2016.10.25"]
[SourceVersion "1"]
[SourceVersionDate "2016.10.25"]
[SourceQuality "1"]

1. f4 e5 2. fxe5 d6 3. Nf3 Nc6 4. e4 Nxe5 5. Nxe5 Qh4+ 6. g3 Qxe4+ 7. Kf2 dxe5 8. Be2 Bc5+ 9. d4 Bxd4+ 10. Ke1 Qxh1+ 11. Kd2 Qxh2 12. c3 Bb6 13. Qf1 Bg4 14. Na3 0-0-0+ 15. Kc2 Bxe2 16. Qf5+ Kb8 17. Kb3 Bd1+ 18. Nc2 Ne7 19. Bg5 Nxf5 0-1